000 00860nam a2200253Ia 4500
003 OSt
005 20220923220030.0
006 a|||||r|||| 00| 0
007 ta
008 220922b |||||||| |||| 00| 0 hin d
024 _a183,697
037 _cTextual
040 _aARTS
_cARTS
_bhin
041 _2hin
_ahin
082 _aO152,1N2:g, M6
100 _aसोनी, रामनारायण
_9156270
245 0 _aछायावादी काव्य का अनुशीलन
246 _aChhāyāvādī kāvya kā anushīlana
260 _aनागपुर
_b प्रिष्ट पब्लि0
_c1986
300 _a320 पृ.
_ccm.
650 _aहिन्दी साहित्य
_9156264
942 _hO152,1N2:g, M6
_cTEXL
_2CC
999 _c337017
_d337017